Reflexiones / (Registro nro. 12551)

Detalles MARC
000 -LIDER
fixed length control field 00778nam a2200253 a 4500
001 - NÚMERO DE CONTROL
Identificador de número de control 000002618
003 - IDENTIFICACDOR DE NÚMERO DE CONTROL
control field DO-SdBPM
005 - DATE AND TIME OF LATEST TRANSACTION
control field 20241016095247.0
008 - ELEMENTOS DE LONGITUD FIJA
fixed length control field 090703s2009 dr 001 0 spa d
020 ## - ISBN
International Standard Book Number 9789945860276
040 ## - FUENTE DE CATALOGACIÓN
Agencia que crea de manera original el registro DO-SdBPM
Idioma de catalogación spa
Agencia que realiza la transcripción BPMSU
082 #4 - NÚMERO DE CLASIFICACIÓN DECIMAL DE DEWEY
Classification number 158.1
Item number R758r 2009
Edition number 22
100 1# - ASIENTO PRINCIPAL -- NOMBRE PERSONAL
Nombre personal Román, Rafael Antonio,
Fechas asociadas con el nombre 1963-
245 10 - MENCIÓN DE TITULO
Título Reflexiones /
Mención de responsabilidad Rafael Antonio Román ; prólogo Carlos de los Ángeles.
260 ## - PUBLICACIÓN, DISTRIBUCIÓN, ETC. (PIE DE IMPRENTA)
Lugar de publicación, distribución, etc Santo Domingo :
Nombre del editor, distribuidor, etc. Cuesta-Veliz Ediciones,
Fecha de publicación, distribución, etc 2009.
300 ## - DESCRIPCIÓN FÍSICA
Extensión 164 p. ;
Dimensiones 21 cm.
590 ## - NOTA LOCAL
Texto de la nota local Inventariado, 2024/VM
650 #4 - ENCABEZAMIENTO DE MATERIA--TEMÁTICO
Término temático o nombre geográfico como elemento de entrada Autorrealización (psicología)
650 #4 - ENCABEZAMIENTO DE MATERIA--TEMÁTICO
Término temático o nombre geográfico como elemento de entrada Consejería
650 #4 - ENCABEZAMIENTO DE MATERIA--TEMÁTICO
Término temático o nombre geográfico como elemento de entrada Autoestima
700 1# - ASIENTO SECUNDARIO -- NOMBRE PERSONAL
Nombre personal Ángeles, Carlos de los,
Mención de responsabilidad prólogo
910 ## - VALIDACIÓN
Validación VMateo V. Control de calidad BPMSU
942 ## - ADDED ENTRY ELEMENTS (KOHA)
Source of classification or shelving scheme Dewey Decimal Classification
Koha item type Libros
Existencias
Withdrawn status Lost status Source of classification or shelving scheme Damaged status Not for loan Collection code Home library Current library Date acquired Source of acquisition Total Checkouts Full call number Barcode Date last seen Price effective from Koha item type Copy number
    Dewey Decimal Classification     Colección Dominicana Biblioteca Pública Metropolitana Salomé Ureña Biblioteca Pública Metropolitana Salomé Ureña 02/15/2017   BPMSU CD 158.1 R758r 2009 BPMSU17020035 02/15/2017 02/15/2017 Libros  
    Dewey Decimal Classification     Colección Dominicana Biblioteca Pública Metropolitana Salomé Ureña Biblioteca Pública Metropolitana Salomé Ureña 02/15/2017   BPMSU CD 158.1 R758r 2009 BPMSU17020036 02/15/2017 02/15/2017 Libros e.2
    Dewey Decimal Classification     Colección Dominicana Biblioteca Pública Metropolitana Salomé Ureña Biblioteca Pública Metropolitana Salomé Ureña 02/15/2017   BPMSU CD 158.1 R758r 2009 BPMSU17020037 02/15/2017 02/15/2017 Libros e.3